Brawl Stars: Cordelius Mastery - Statistics

General Stats
  • This quiz has been taken 10 times
  • The average score is 4 of 5
Answer Stats
Hint Answer % Correct
What is Cord’s mastery title Toxic
100%
When you super, can they use super in the shadow realm No
83%
Who was the first ever player to hit a 10k cordelius ToxicGenie
83%
Who is Cord’s main counters? Surge/Spike/Bea/Chester
50%
This gadget of Cord can kill assasins Poison Mushroom
33%
No matching quizzes found
Score Distribution
Percent of People with Each Score
Percentile by Number Answered
Your Score History
You have not taken this quiz